Minor Cricket Counties - Statistics

General Stats
  • This quiz has been taken 21 times
  • The average score is 16 of 20
Answer Stats
Region Answer % Correct
Western Cornwall
94%
Western Devon
94%
Eastern Northumberland
94%
Eastern Bedfordshire
88%
Western Berkshire
88%
Eastern Cambridgeshire
88%
Eastern Lincolnshire
88%
Western Oxfordshire
88%
Eastern Buckinghamshire
82%
Western Herefordshire
82%
Eastern Norfolk
82%
Eastern Suffolk
82%
Western Dorset
76%
Western Shropshire
76%
Western Shropshire
76%
Eastern Staffordshire
76%
Western Cheshire
71%
Eastern Hertfordshire
71%
Eastern Cumberland
53%
Western Wales Minor Counties
41%
No matching quizzes found
Score Distribution
Percent of People with Each Score
Percentile by Number Answered
Your Score History
You have not taken this quiz